|
|
|
|
| LEADER |
00000nam0a2200000 4500 |
| 001 |
153770 |
| 005 |
20231101221721.0 |
| 010 |
|
|
|a 9785388003553
|
| 035 |
|
|
|a (RuTPU)RU\TPU\book\166812
|
| 090 |
|
|
|a 153770
|
| 100 |
|
|
|a 20090216d2008 km y0rusy50 ca
|
| 101 |
0 |
|
|a rus
|
| 102 |
|
|
|a RU
|
| 105 |
|
|
|a a g 001zy
|
| 200 |
1 |
|
|a Microsoft Word 2007
|e практический справочник
|f С. В. Симонович
|
| 210 |
|
|
|a СПб.
|c Питер
|d 2008
|
| 215 |
|
|
|a 480 с.
|c ил.
|
| 320 |
|
|
|a Алф. указ.: с. 474-479.
|
| 330 |
|
|
|a Эта книга предназначена для тех, кто устал перерывать горы литературы в поисках ответов на простейшие вопросы по работе с компьютером. В ней приведено множество практических приемов и решений по работе с новой версией популярного текстового процессора — Microsoft Word 2007. Создание выразительных документов, работа с таблицами, рисунками и диаграммами, организация коллективной работы с документами, реализация служебного аппарата изданий — вот лишь краткий перечень вопросов, на которые вы найдете необходимые и достаточные ответы в этом справочнике.Удобное, хорошо структурированное расположение материала, алфавитный указатель, точные описания действий и подробные разъяснения делают эту книгу незаменимым и удобным пособием для всех, кто занимается практической работой с текстовыми документами Microsoft Word.
|
| 606 |
1 |
|
|a Word
|x Редакторы текстовые
|2 stltpush
|3 (RuTPU)RU\TPU\subj\3700
|9 32078
|
| 610 |
1 |
|
|a текстовые документы
|
| 610 |
1 |
|
|a редактирование
|
| 610 |
1 |
|
|a печатные документы
|
| 610 |
1 |
|
|a электронные документы
|
| 610 |
1 |
|
|a разработка
|
| 610 |
1 |
|
|a таблицы
|
| 610 |
1 |
|
|a диаграммы
|
| 610 |
1 |
|
|a служебный аппарат
|
| 610 |
1 |
|
|a динамические связи
|
| 610 |
1 |
|
|a справочники
|
| 675 |
|
|
|a 681.327.1(035)
|v 3
|
| 700 |
|
1 |
|a Симонович
|b С. В.
|g Сергей Витальевич
|
| 801 |
|
1 |
|a RU
|b 63413507
|c 20090216
|g PSBO
|
| 801 |
|
2 |
|a RU
|b 63413507
|c 20210316
|g RCR
|
| 942 |
|
|
|c BK
|
| 959 |
|
|
|a 27/20090216
|d 2
|e 135,00
|f АНЛ:1
|f ЧЗТЛ:1
|
| 959 |
|
|
|a 100/20090928
|d 2
|e 135,00
|f АНЛ:1
|f ЧЗТЛ:1
|